Ariana Grande Multiple Choice - Statistics

General Stats
  • This quiz has been taken 396 times
    27 since last reset
  • The average score is 14 of 16
Answer Stats
Question Answer % Correct
What role did she play in the Nickelodeon series Victorious? Cat Valentine
100%
What color did she famously dye her hair while playing the above? Red
100%
Which song opens with "I've been here all night / I've been here all day"? Side to Side
100%
What is the name of her half-brother? Frankie
96%
What was her debut album? Yours Truly
96%
Who did she marry in 2021? Dalton Gomez
91%
Who did she collaborate with on the single "Stuck with U"? Justin Bieber
91%
What city was Grande performing in prior to a suicide bombing, which killed 22 people at the arena? Manchester
91%
Which of her dogs makes an appearance in the 7 rings music video? Toulouse
87%
Where was she born and raised? Florida
83%
True or false: Ariana Grande is a vegan. True
83%
Which music video recreates scenes from 4 iconic films, including Mean Girls and Legally Blonde? thank u, next
78%
Which of these is NOT a fragrance by Ariana Grande? Florence
74%
What year was she born? 1993
70%
How many Grammys has she won? 3
65%
Who did Grande dedicate the song "My Everything" to while on her Honeymoon Tour? Her late grandfather
52%
No matching quizzes found
Score Distribution
Percent of People with Each Score
Percentile by Number Answered
Your Score History
You have not taken this quiz since the last reset